Código internacional para el transporte sin riesgos de grano a granel: código internacional para el transporte de grano
Saved in:
| Institution som forfatter: | |
|---|---|
| Format: | Bog |
| Sprog: | spansk |
| Udgivet: |
Londres
OMI
1992
|
| Fag: | |
| Tags: |
Tilføj Tag
Ingen Tags, Vær først til at tagge denne postø!
|
MARC
| LEADER | 00000nam a2200000 a 4500 | ||
|---|---|---|---|
| 001 | UCP7150 | ||
| 003 | CL-VaPUC | ||
| 008 | 991203e19920000UK |||||||||||||||||spa|d | ||
| 082 | 0 | 4 | |a 344.042 |b ORG |2 21 |
| 110 | 2 | |a Organización Marítima Internacional |e author |9 436561 | |
| 245 | 1 | 0 | |a Código internacional para el transporte sin riesgos de grano a granel: código internacional para el transporte de grano |
| 300 | |a 36 p | ||
| 942 | |c BK | ||
| 945 | |d 19991203 00:00:00 |a rbrito | ||
| 260 | |a Londres |b OMI |c 1992 | ||
| 650 | 0 | |a Derecho internacional |9 255637 | |
| 650 | 0 | |a Transporte marítimo |9 260127 | |
| 650 | 7 | |a TRANSPORTE DE CARGA |2 CL-VaPUC |9 267314 | |
| 650 | 7 | |a TRANSPORTE DE GRANOS |2 CL-VaPUC |9 436562 | |
| 650 | 7 | |a SEGURIDAD MARITIMA |2 CL-VaPUC |9 339685 | |
| 583 | |a last modification |c 19991203 00:00:00 |k Rodrigo Vera | ||
| 999 | |c 284465 |d 284463 | ||
| 952 | |0 0 |1 0 |4 0 |6 344_042000000000000_ORG_1992 |7 0 |8 A |9 328528 |a BIBING |b BIBING |d 2019-11-20 |i 3583910 |o 344.042 ORG 1992 |p 3583910 |r 2025-01-20 |w 2019-11-20 |y BK |k TRA | ||